000 00346 a2200157 4500
001 161299
020 _a
040 _cMagnum
100 _a-
240 1 0 _aAladim e a lampada maravilhosa/globo
_lpor
245 1 0 _aAladim e a lampada maravilhosa/globo
362 0 _a1899
440 1 _aGlobo
697 _aIJ/AVENTURA, CRIANCAS
942 _cBK
999 _c161299
_d161299